| 000 | 00573nam a2200193Ia 4500 | ||
|---|---|---|---|
| 003 | GCL | ||
| 008 | 140319s9999 xx 000 0 ara d | ||
| 040 |
_aGCL / _cGCL |
||
| 082 | 0 | 4 |
_a270 _bا ا |
| 100 | 1 | _aابراهيم سعيد | |
| 245 | 1 | 0 |
_aاصحاب السعادة / _cابراهيم سعيد |
| 260 |
_aالقاهرة : _bدار الثقافة العربية ، _c1981 |
||
| 300 |
_a290 ص ؛ _c24 سم |
||
| 490 | _a | ||
| 650 | 0 | 4 | _aالمسيحية - عبادات |
| 650 | 0 | 4 | _aالمسيحية - مذهب |
| 650 | 0 | 4 | _aالمسيحية |
| 942 |
_2ddc _cBK |
||
| 999 |
_c31115 _d31115 |
||